[Event "GER-chT Federal Cup (Women)"]
[Site "Braunfels"]
[Date "2018.06.03"]
[Round "5.5"]
[White "Ganser, Ganokorn"]
[Black "Fuchs, Emily"]
[Result "1-0"]
[WhiteElo "1700"]
[BlackElo "1280"]
[PlyCount "115"]
[EventDate "2018.05.31"]
[EventType "team-swiss"]
[EventRounds "5"]
[EventCountry "GER"]
[SourceTitle "EXT 2020"]
[Source "ChessBase"]
[SourceDate "2019.10.17"]
[SourceVersion "1"]
[SourceVersionDate "2019.10.17"]
[SourceQuality "1"]
[WhiteTeam "Wuerttemberg (W) II"]
[BlackTeam "Saarland SG (W)"]
[WhiteTeamCountry "GER"]
[BlackTeamCountry "GER"]

1. d4 Nf6 2. c4 e6 3. Nc3 Bb4 4. f3 d5 5. a3 Bxc3+ 6. bxc3 0-0 7. e3 b6 8. cxd5 exd5 9. Bd3 Bb7 10. Ne2 Nbd7 11. 0-0 Re8 12. Ng3 c5 13. Ra2 Nf8 14. Re2 cxd4 15. cxd4 Ne6 16. Bb2 h5 17. Qe1 a5 18. Qf2 Qd7 19. Nf5 Rad8 20. Qh4 Qa4 21. Ng3 Qb3 22. Rd2 Nf8 23. Nf5 Ng6 24. Qg5 Nh7 25. Qxh5 Bc8 26. Re1 Bxf5 27. Qxf5 Re6 28. h4 Rf6 29. Qh3 Nhf8 30. h5 Ne7 31. Rc1 Qa4 32. Kf2 Qd7 33. g4 Rh6 34. Qg3 f5 35. Rc7 Qe6 36. gxf5 Qf6 37. Qg4 Rh8 38. Rd1 Kf7 39. Rg1 Nd7 40. Bb5 Ke8 41. Qxg7 Qh4+ 42. Qg3 Rxh5 43. Qxh4 Rxh4 44. f6 Rh2+ 45. Rg2 Rxg2+ 46. Kxg2 Ng6 47. Kg3 Ngf8 48. e4 Kf7 49. e5 Ke8 50. Kg4 Ra8 51. Kf5 Kd8 52. Rc1 Nh7 53. Kg6 Ndf8+ 54. Kg7 Ra7+ 55. Kh6 Ne6 56. Bd3 Nhg5 57. Bf5 Rf7 58. f4 1-0

[Event "GER-chT Federal Cup (Women)"]
[Site "Braunfels"]
[Date "2018.06.01"]
[Round "3.6"]
[White "Mehling, Katharina"]
[Black "Ganser, Ganokorn"]
[Result "0-1"]
[WhiteElo "1895"]
[BlackElo "1700"]
[PlyCount "80"]
[EventDate "2018.05.31"]
[EventType "team-swiss"]
[EventRounds "5"]
[EventCountry "GER"]
[SourceTitle "EXT 2020"]
[Source "ChessBase"]
[SourceDate "2019.10.17"]
[SourceVersion "1"]
[SourceVersionDate "2019.10.17"]
[SourceQuality "1"]
[WhiteTeam "Bayern (W)"]
[BlackTeam "Wuerttemberg (W) II"]
[WhiteTeamCountry "GER"]
[BlackTeamCountry "GER"]

1. e4 c5 2. Nf3 d6 3. d4 cxd4 4. Nxd4 Nf6 5. Nc3 a6 6. Be2 e5 7. Nb3 Be7 8. 0-0 0-0 9. Be3 b5 10. Nd5 Nbd7 11. f3 Nxd5 12. Qxd5 Nb6 13. Qc6 Rb8 14. Qc3 Be6 15. Na5 Na4 16. Qd2 Rc8 17. c4 bxc4 18. Qb4 Nc5 19. Nxc4 Nxe4 20. Nxe5 d5 21. Qe1 d4 22. Bf4 Qb6 23. Bd3 Nf6 24. Qe2 Nd5 25. Bg3 Nb4 26. Bf2 Nxd3 27. Nxd3 Bf6 28. b3 Qb5 29. Rfd1 Bf5 30. Qd2 Rfe8 31. Ne1 Re2 32. Qf4 d3 33. Rac1 Rxc1 34. Qxc1 Qd7 35. Qc4 Re6 36. Qf4 Bg6 37. Qb8+ Re8 38. Qb4 Rc8 39. Qf4 Bc3 40. h4 d2 0-1

[Event "GER-ch rapid (Women)"]
[Site "Erfurt"]
[Date "2017.07.30"]
[Round "8"]
[White "Ganser, Ganokorn"]
[Black "Bachmann, Sylvia"]
[Result "1-0"]
[WhiteElo "1698"]
[BlackElo "1677"]
[PlyCount "139"]
[EventDate "2017.07.29"]
[EventType "swiss (rapid)"]
[EventRounds "9"]
[EventCountry "GER"]
[SourceTitle "EXT 2020"]
[Source "ChessBase"]
[SourceDate "2019.10.17"]
[SourceVersion "1"]
[SourceVersionDate "2019.10.17"]
[SourceQuality "1"]

1. d4 d5 2. c4 e6 3. Nc3 Nf6 4. Bg5 Be7 5. e3 c6 6. Nf3 0-0 7. a3 Nbd7 8. Qc2 Re8 9. Rd1 dxc4 10. Bxc4 Nd5 11. Bxe7 Qxe7 12. 0-0 N5f6 13. Ba2 e5 14. dxe5 Nxe5 15. Nxe5 Qxe5 16. Bb1 Bg4 17. Rde1 Bh5 18. Qb3 Rab8 19. h3 b6 20. Rc1 b5 21. Rfe1 a5 22. Ne2 a4 23. Qc3 Rbc8 24. Qxe5 Rxe5 25. Nf4 Bg6 26. Nxg6 hxg6 27. Red1 Nd5 28. Ba2 Nb6 29. Rd6 Kf8 30. Rdxc6 Rxc6 31. Rxc6 Nd7 32. Rc7 Re7 33. Rb7 Nc5 34. Rxb5 Nd3 35. Kf1 Rc7 36. Ke2 Nc1+ 37. Kf3 Nxa2 38. b4 axb3 39. Rxb3 Nc3 40. Rb2 Ke7 41. Rc2 Kd7 42. Rd2+ Ke6 43. Rc2 Kd6 44. Rd2+ Ke6 45. Rc2 f5 46. Rb2 Kd6 47. Rb6+ Rc6 48. Rb2 Na4 49. Rb4 Nc5 50. Ke2 Ra6 51. Rd4+ Ke5 52. Rc4 Kd5 53. Rc3 g5 54. f3 Rb6 55. Rc2 Rb3 56. Rd2+ Kc6 57. Ra2 Na4 58. Rc2+ Kb5 59. Rd2 Nc3+ 60. Kf2 Kc4 61. Rd7 Rb5 62. Rd2 Rd5 63. Rb2 Nd1+ 64. Ke1 Nxb2 65. Ke2 Kc3 66. Ke1 Rd2 67. Kf1 Nd3 68. Kg1 Rd1+ 69. Kh2 f4 70. h4 1-0

[Event "GER-ch rapid (Women)"]
[Site "Erfurt"]
[Date "2017.07.29"]
[Round "5"]
[White "Birkholz, Olga"]
[Black "Ganser, Ganokorn"]
[Result "0-1"]
[WhiteElo "1987"]
[BlackElo "1698"]
[PlyCount "118"]
[EventDate "2017.07.29"]
[EventType "swiss (rapid)"]
[EventRounds "9"]
[EventCountry "GER"]
[SourceTitle "EXT 2020"]
[Source "ChessBase"]
[SourceDate "2019.10.17"]
[SourceVersion "1"]
[SourceVersionDate "2019.10.17"]
[SourceQuality "1"]

1. d4 Nf6 2. Nf3 g6 3. Nc3 Bg7 4. e4 d6 5. h3 0-0 6. Be3 c6 7. g4 b5 8. g5 Nfd7 9. a3 a6 10. Qd2 Qa5 11. Bg2 Bb7 12. 0-0 Qd8 13. Rad1 Nb6 14. b3 N8d7 15. Ne2 c5 16. Ng3 Qc7 17. c3 Rac8 18. Rc1 Rfd8 19. h4 Qb8 20. Bh3 e6 21. Qe2 cxd4 22. Bxd4 e5 23. Bxb6 Nxb6 24. Bxc8 Bxc8 25. Qe3 Nd7 26. Rcd1 Bf8 27. Nh2 Nc5 28. b4 Na4 29. f4 Qb6 30. Qxb6 Nxb6 31. fxe5 Nc4 32. Rd3 Nxe5 33. Rd4 Bh3 34. Rfd1 Rc8 35. Ne2 Nc4 36. Nf4 Bd7 37. Nd5 Bg7 38. Nf6+ Bxf6 39. gxf6 Re8 40. Kf2 h5 41. Ra1 Bc6 42. Re1 Re6 43. Nf3 Rxf6 44. Kg3 Re6 45. Ng5 Re7 46. Nf3 Kg7 47. Kf4 Bb7 48. a4 Re6 49. axb5 axb5 50. Ra1 Rf6+ 51. Kg3 Bc8 52. Ra8 Bg4 53. Nh2 Be6 54. Rb8 Bd7 55. Nf3 Bg4 56. Ng5 Bd7 57. Rb7 Bc6 58. Rc7 Ba8 59. Ra7 Nb6 0-1

[Event "GER-ch rapid (Women)"]
[Site "Erfurt"]
[Date "2017.07.29"]
[Round "3"]
[White "Ganser, Ganokorn"]
[Black "Daemering, Katrin"]
[Result "1-0"]
[WhiteElo "1698"]
[BlackElo "2021"]
[PlyCount "126"]
[EventDate "2017.07.29"]
[EventType "swiss (rapid)"]
[EventRounds "9"]
[EventCountry "GER"]
[SourceTitle "EXT 2020"]
[Source "ChessBase"]
[SourceDate "2019.10.17"]
[SourceVersion "1"]
[SourceVersionDate "2019.10.17"]
[SourceQuality "1"]

1. d4 Nf6 2. c4 c5 3. d5 b5 4. cxb5 a6 5. bxa6 g6 6. Nc3 Bxa6 7. e4 Bxf1 8. Kxf1 d6 9. g3 Bg7 10. Nf3 0-0 11. Kg2 Na6 12. Nd2 Qd7 13. Re1 Ng4 14. a3 Bd4 15. Rf1 Bxf2 16. Nc4 Bd4 17. Nb6 Qb7 18. Nxa8 Nf6 19. Qe2 Rxa8 20. Nb5 Be5 21. Rb1 Rb8 22. a4 Rc8 23. Bf4 Bxf4 24. Rxf4 Nd7 25. Rff1 Ne5 26. Rfc1 Nb4 27. b3 f5 28. Rd1 Rf8 29. exf5 Rxf5 30. Qe4 Nf7 31. Kg1 Ng5 32. Qg2 Nf3+ 33. Kh1 Nxd5 34. Rd3 Nb4 35. Rxf3 Qxf3 36. Qxf3 Rxf3 37. Kg2 Re3 38. Kf2 Re5 39. a5 Na6 40. Ra1 Kf7 41. Ra4 d5 42. Nc3 d4 43. Nd1 d3 44. Kf3 d2 45. Nb2 Re1 46. Rf4+ Ke8 47. Re4 d1Q+ 48. Nxd1 Rxd1 49. Re2 Ra1 50. Re4 Rxa5 51. Ra4 Rxa4 52. bxa4 Kd7 53. Ke4 Kd6 54. Kd3 Kd5 55. Kc3 c4 56. a5 e5 57. h4 e4 58. Kc2 Kd4 59. g4 e3 60. Kd1 Kd3 61. Ke1 c3 62. Kf1 c2 63. Kg2 c1Q 1-0